00375pab a2200121 454500008004000000100001800040245008600058260000900144300001100153362001500164650004000179773003400219180718b1990 xxu||||| |||| 00| 0 eng d aKripa Shankar aLand ownership, asset structure, and income distribution in Eastern Uttar Pradesh c1990 a2385-7 a20-27 Oct. aLand Tenure - India - Uttar Pradesh aEconomic and Political Weekly